[Event "1. OEsterreichische Internet Schach Meisterschaft - Vorrunde 1"]
[Site "Online - Playchess.com"]
[Date ""]
[Round "4"]
[Board "46"]
[White "Doujak, Gabriel Andreas"]
[Black "Riemelmoser, Stefan"]
[Result "1/2-1/2"]
[WhiteElo "1980"]
[BlackElo "2046"]
[PlyCount "82"]
[EventDate "2020.04.11"]
[EventRounds "9"]
[EventCountry "AUT"]

1. e4 e6 2. d4 d5 3. Nd2 Nf6 4. e5 Nfd7 5. Bd3 c5 6. c3 Nc6 7. Ne2 Qb6 8. Nf3
cxd4 9. cxd4 f6 10. exf6 Nxf6 11. O-O Bd6 12. Bf4 Bxf4 13. Nxf4 O-O 14. Re1
Qxb2 15. Nxe6 Bxe6 16. Rxe6 Rae8 17. Rxe8 Rxe8 18. Rb1 Qxa2 19. Rxb7 Ne4 20.
Bxe4 dxe4 21. Ne5 Rf8 22. f3 Nxe5 23. dxe5 exf3 24. gxf3 h6 25. Qb3+ Qxb3 26.
Rxb3 Re8 27. f4 Kf7 28. Kf2 Re7 29. Ke3 Ke6 30. Ke4 Rc7 31. f5+ Kf7 32. Kd5
Rd7+ 33. Kc6 Re7 34. Kd6 a5 35. Ra3 Ra7 36. Kc5 a4 37. Kd5 Ra5+ 38. Kd6 Ra6+
39. Kd5 Ra5+ 40. Kd6 Ra6+ 41. Kd5 Ra5+  1/2-1/2

[Event "1. OEsterreichische Internet Schach Meisterschaft - Vorrunde 1"]
[Site "Online - Playchess.com"]
[Date ""]
[Round "4"]
[Board "48"]
[White "Messner, Andreas"]
[Black "Filek, Mattias"]
[Result "0-1"]
[WhiteElo "1856"]
[BlackElo "1932"]
[PlyCount "56"]
[EventDate "2020.04.11"]
[EventRounds "9"]
[EventCountry "AUT"]

1. Nf3 d5 2. c4 e6 3. e3 Nf6 4. d4 Bd6 5. Nc3 b6 6. Bd3 Bb7 7. O-O O-O 8. Re1
Ne4 9. h3 a6 10. Qc2 f5 11. a3 Nd7 12. b4 Rf6 13. c5 bxc5 14. dxc5 Be5 15. Nxe5
Nxe5 16. Bb2 Rg6 17. Bxe4 fxe4 18. Kh1 Qg5 19. Rg1 Rf8 20. Raf1 Qh4 21. Nxe4
Nf3 22. Ng3 Nxg1 23. Rxg1 d4 24. Kh2 dxe3 25. Rf1 exf2 26. Rxf2 Qxg3+ 27. Kg1
Rxf2 28. Qxf2 Qxg2+  0-1

[Event "1. OEsterreichische Internet Schach Meisterschaft - Vorrunde 1"]
[Site "Online - Playchess.com"]
[Date ""]
[Round "4"]
[Board "49"]
[White "Friedl, Markus"]
[Black "Janes, Christian"]
[Result "1/2-1/2"]
[WhiteElo "1857"]
[BlackElo "1740"]
[PlyCount "86"]
[EventDate "2020.04.11"]
[EventRounds "9"]
[EventCountry "AUT"]

1. e4 e5 2. Nf3 Nc6 3. Bc4 Bc5 4. d3 Nf6 5. O-O O-O 6. h3 d5 7. exd5 Nxd5 8.
Nc3 Nxc3 9. bxc3 Qf6 10. Bg5 Qg6 11. Kh2 h6 12. Be3 Bd6 13. g3 Qh5 14. Nh4 Qxd1
15. Raxd1 Ne7 16. Nf3 Ng6 17. d4 exd4 18. cxd4 Be6 19. Bxe6 fxe6 20. Nd2 e5 21.
dxe5 Nxe5 22. Ne4 Nf7 23. Nxd6 Nxd6 24. Bc5 Rfd8 25. Kg2 b6 26. Bxd6 cxd6 27.
Rd5 Rd7 28. Rfd1 Rad8 29. c4 Kf7 30. f4 Ke6 31. Kf3 g6 32. a4 a6 33. Rb1 Rb8
34. g4 Rc7 35. Re1+ Kd7 36. Rd4 Rc5 37. Red1 Rc6 38. h4 Rf8 39. Re1 g5 40. hxg5
hxg5 41. f5 Rh8 42. Kg3 a5 43. Re6 Rg8  1/2-1/2

[Event "1. OEsterreichische Internet Schach Meisterschaft - Vorrunde 1"]
[Site "Online - Playchess.com"]
[Date ""]
[Round "4"]
[Board "50"]
[White "Pedevilla, Luis"]
[Black "Gelbenegger, Patrick"]
[Result "0-1"]
[WhiteElo "1650"]
[BlackElo "2240"]
[PlyCount "152"]
[EventDate "2020.04.11"]
[EventRounds "9"]
[EventCountry "AUT"]

1. e4 e5 2. Nf3 Nc6 3. Bb5 a6 4. Ba4 Nf6 5. d3 b5 6. Bb3 Be7 7. O-O O-O 8. Bg5
d6 9. h3 Na5 10. c3 Nxb3 11. Qxb3 Bb7 12. Nbd2 Nh5 13. Bxe7 Qxe7 14. Rfe1 Nf4
15. Qc2 f5 16. Nf1 fxe4 17. dxe4 Nxh3+ 18. gxh3 Rxf3 19. Ng3 Qh4 20. Qe2 Raf8
21. Kg2 R3f4 22. f3 Bc8 23. Rh1 R8f6 24. Rag1 h6 25. Kf2 Bb7 26. Ke3 Qg5 27.
Nf5 Rxe4+ 28. Kd3 Rxe2 29. Rxg5 hxg5 30. Kxe2 Rxf5 31. Rf1 e4 32. fxe4 Rxf1 33.
Kxf1 Bxe4 34. a3 Bf5 35. Kg2 Kf7 36. Kg3 Ke6 37. h4 gxh4+ 38. Kxh4 Kd5 39. Kg3
g6 40. Kf4 Kc4 41. Ke3 Kb3 42. Kd4 c6 43. c4 bxc4 44. a4 Kxa4 45. Kxc4 Be6+ 46.
Kc3 g5 47. b4 g4 48. b5 axb5 49. Kb2 Kb4 50. Kc2 Bf5+ 51. Kb2 Kc4 52. Ka3 c5
53. Kb2 d5 54. Ka3 Be6 55. Kb2 b4 56. Ka2 Kb5 57. Kb3 c4+ 58. Ka2 d4 59. Kb2
Kc5 60. Ka2 Bc8 61. Kb2 Kd5 62. Ka2 Ke4 63. Kb2 d3 64. Ka2 Kd4 65. Kb2 Kc5 66.
Ka2 Kb5 67. Kb2 c3+ 68. Ka2 Be6+ 69. Ka1 b3 70. Kb1 Kc4 71. Kc1 g3 72. Kb1 Bg4
73. Kc1 Kb4 74. Kb1 Ka3 75. Ka1 b2+ 76. Kb1 c2#  0-1

[Event "1. OEsterreichische Internet Schach Meisterschaft - Vorrunde 1"]
[Site "Online - Playchess.com"]
[Date ""]
[Round "4"]
[Board "51"]
[White "Katter, Marlene"]
[Black "Brod, Manfred"]
[Result "0-1"]
[WhiteElo "1609"]
[BlackElo "2211"]
[PlyCount "78"]
[EventDate "2020.04.11"]
[EventRounds "9"]
[EventCountry "AUT"]

1. d4 Nf6 2. Bf4 g6 3. e3 d5 4. Nf3 Bg7 5. c4 O-O 6. Nc3 c5 7. Be2 cxd4 8. exd4
Nc6 9. c5 b6 10. O-O bxc5 11. dxc5 d4 12. Nb5 Nd5 13. Bg3 e5 14. Nd6 e4 15.
Nxd4 Nxd4 16. Nxe4 Nxe2+ 17. Qxe2 Re8 18. Qd3 Bf5 19. f3 Rc8 20. Qc4 Bxe4 21.
fxe4 Nf6 22. e5 Qd5 23. Qa4 Ne4 24. Rad1 Qxc5+ 25. Kh1 Nxg3+ 26. hxg3 Qxe5 27.
Rfe1 Qxe1+ 28. Rxe1 Rxe1+ 29. Kh2 Rce8 30. Qxa7 Bxb2 31. a4 Ra1 32. Qb6 Bg7 33.
Qb5 Ree1 34. Kh3 h5 35. g4 Re3+ 36. Kh4 Re4 37. Qb8+ Kh7 38. Qb7 Rxg4+ 39. Kh3
Rh1#  0-1

[Event "1. OEsterreichische Internet Schach Meisterschaft - Vorrunde 1"]
[Site "Online - Playchess.com"]
[Date ""]
[Round "4"]
[Board "52"]
[White "Hofer, Maximilian"]
[Black "Simon, Christopher"]
[Result "1-0"]
[WhiteElo "2108"]
[BlackElo "1824"]
[PlyCount "43"]
[EventDate "2020.04.11"]
[EventRounds "9"]
[EventCountry "AUT"]

1. e4 g6 2. d4 Bg7 3. Nf3 d6 4. Nc3 Nc6 5. Be3 e5 6. d5 Nce7 7. Bd3 f5 8. Qe2
Nf6 9. Bg5 O-O 10. Nd2 h6 11. Bxf6 Rxf6 12. O-O-O a6 13. f3 b5 14. g4 f4 15. g5
Rf7 16. gxh6 Bxh6 17. Rdg1 Kh7 18. h4 Bd7 19. Nd1 c6 20. Nf2 cxd5 21. exd5 Nxd5
22. Bxg6+  1-0

[Event "1. OEsterreichische Internet Schach Meisterschaft - Vorrunde 1"]
[Site "Online - Playchess.com"]
[Date ""]
[Round "4"]
[Board "53"]
[White "Balint, Peter"]
[Black "Astner, Klaus"]
[Result "1-0"]
[WhiteElo "2105"]
[BlackElo "1409"]
[PlyCount "61"]
[EventDate "2020.04.11"]
[EventRounds "9"]
[EventCountry "AUT"]

1. e4 c6 2. d4 d5 3. exd5 cxd5 4. Bd3 Nf6 5. h3 Nc6 6. c3 e6 7. Nf3 a6 8. O-O
Be7 9. Re1 O-O 10. Nbd2 Re8 11. Nf1 Bd6 12. N1h2 b5 13. Bc2 Qe7 14. Qd3 e5 15.
dxe5 Nxe5 16. Nxe5 Bxe5 17. Ng4 Bh2+ 18. Kxh2 Qxe1 19. Nxf6+ Kf8 20. Nxh7+ Ke7
21. Bg5+ Kd6 22. Rxe1 Rxe1 23. Bf4+ Kc6 24. Bb3 Be6 25. Ng5 Rd8 26. Nxe6 Rxe6
27. Be3 g6 28. Qd4 Rb8 29. Bxd5+ Kc7 30. Bf4+ Kd7 31. Bxe6+ {ConteMamai gibt
auf}  1-0

[Event "1. OEsterreichische Internet Schach Meisterschaft - Vorrunde 1"]
[Site "Online - Playchess.com"]
[Date ""]
[Round "4"]
[Board "54"]
[White "Gschiel, Alexander"]
[Black "Kondrak, Christoph"]
[Result "0-1"]
[WhiteElo "1908"]
[BlackElo "2033"]
[PlyCount "56"]
[EventDate "2020.04.11"]
[EventRounds "9"]
[EventCountry "AUT"]

1. d4 d5 2. c4 e6 3. Nc3 Nf6 4. cxd5 exd5 5. Bg5 Be7 6. e3 c6 7. Nf3 h6 8. Bh4
O-O 9. Bd3 Re8 10. Qc2 Ne4 11. Bxe7 Qxe7 12. O-O Nd7 13. Nd2 Ndf6 14. Ndxe4
dxe4 15. Bc4 a6 16. Rab1 h5 17. b4 Qd6 18. h3 Bf5 19. a4 Qd7 20. b5 axb5 21.
axb5 Bxh3 22. gxh3 Qxh3 23. Be2 Ng4 24. Bxg4 hxg4 25. Ne2 cxb5 26. Rxb5 Ra6 27.
Rxb7 Rh6 28. Rfb1 Qh1#  0-1

[Event "1. OEsterreichische Internet Schach Meisterschaft - Vorrunde 1"]
[Site "Online - Playchess.com"]
[Date ""]
[Round "4"]
[Board "55"]
[White "Klinglmair, Guenter"]
[Black "Missethan, Michael"]
[Result "0-1"]
[WhiteElo "1483"]
[BlackElo "2015"]
[PlyCount "104"]
[EventDate "2020.04.11"]
[EventRounds "9"]
[EventCountry "AUT"]

1. Nf3 Nf6 2. g3 d5 3. Bg2 Bg4 4. O-O e6 5. Re1 c5 6. d3 Nc6 7. Bg5 Be7 8. Bf4
O-O 9. Nbd2 Rc8 10. c3 Bd6 11. Bg5 h6 12. Bxf6 Qxf6 13. e4 Qd8 14. exd5 exd5
15. Qc2 Qd7 16. b3 Rfe8 17. d4 cxd4 18. c4 Nb4 19. Qb1 d3 20. a3 Nc2 21. Rxe8+
Qxe8 22. Ra2 Nxa3 23. Qxd3 Qd7 24. Qxd5 Be6 25. Qe4 Bb4 26. Qd4 Rd8 27. Qxd7
Rxd7 28. Ne4 Rd1+ 29. Bf1 Bf5 30. Ned2 Bd3 31. h4 Nb1 32. Nxb1 Rxf1+ 33. Kg2
Rxb1 34. Ne5 Be4+ 35. Kh3 a6 36. Re2 Bc6 37. Nd3 Rxb3 38. Re8+ Bxe8 39. Nf4
Bd7+ 40. Kg2 a5 41. Nd5 Rb2 42. Nb6 Bc6+ 43. Kh3 a4 44. c5 a3 45. Nc4 Rxf2 46.
Ne5 a2 47. Nc4 a1=Q 48. Ne5 Qh1+ 49. Kg4 Qd1+ 50. Kh3 Bd7+ 51. Nxd7 Qxd7+ 52.
g4 Qd3#  0-1

[Event "1. OEsterreichische Internet Schach Meisterschaft - Vorrunde 1"]
[Site "Online - Playchess.com"]
[Date ""]
[Round "4"]
[Board "56"]
[White "Kainz, Josef"]
[Black "Horvath, Maria"]
[Result "0-1"]
[WhiteElo "2005"]
[BlackElo "1995"]
[PlyCount "120"]
[EventDate "2020.04.11"]
[EventRounds "9"]
[EventCountry "AUT"]

1. d4 d5 2. c4 c6 3. Nf3 e6 4. g3 f5 5. Bg2 Nf6 6. O-O Bd6 7. Qc2 O-O 8. a4 Bd7
9. a5 Be8 10. Bf4 Bg6 11. Bxd6 Qxd6 12. cxd5 exd5 13. Nc3 f4 14. Qb3 fxg3 15.
hxg3 Nbd7 16. a6 b6 17. e3 Kh8 18. Nh4 Bh5 19. Rac1 Rae8 20. Qc2 g6 21. Nf3 Ne4
22. Nxe4 dxe4 23. Ne5 Nxe5 24. dxe5 Qxe5 25. Qxc6 Bf3 26. Qc3 Qxc3 27. Rxc3 Be2
28. Rfc1 Bxa6 29. Ra3 Bd3 30. Rxa7 Rc8 31. Rcc7 Rxc7 32. Rxc7 Rf5 33. Re7 Rb5
34. Bxe4 Bxe4 35. Rxe4 Rxb2 36. Kg2 b5 37. Re7 b4 38. Rb7 b3 39. Kf3 Rb1 40. g4
Kg8 41. Ke4 b2 42. f4 h5 43. gxh5 gxh5 44. Kf5 h4 45. Kf6 h3 46. Rb8+ Kh7 47.
Rb7+ Kh6 48. Rb8 Kh5 49. Kf5 Kh4 50. e4 Kg3 51. Rg8+ Kf3 52. Rh8 Rh1 53. Rb8
b1=Q 54. Rxb1 Rxb1 55. e5 h2 56. e6 h1=Q 57. e7 Qh7+ 58. Kf6 Rb6+ 59. Kg5 Qxe7+
60. Kf5 Qc5#  0-1

[Event "1. OEsterreichische Internet Schach Meisterschaft - Vorrunde 1"]
[Site "Online - Playchess.com"]
[Date ""]
[Round "4"]
[Board "57"]
[White "Gallob, Marko"]
[Black "Breneis, Gerhard"]
[Result "0-1"]
[WhiteElo "1961"]
[BlackElo "1990"]
[PlyCount "130"]
[EventDate "2020.04.11"]
[EventRounds "9"]
[EventCountry "AUT"]

1. e4 c6 2. d4 d5 3. Nc3 dxe4 4. Nxe4 Nd7 5. Bd3 Ngf6 6. Bg5 Nxe4 7. Bxe4 Nf6
8. Bf3 Qa5+ 9. Bd2 Qb6 10. Ne2 Bf5 11. Rb1 e6 12. O-O Bd6 13. h3 O-O 14. Be3
Nd5 15. c4 Nxe3 16. fxe3 Qd8 17. Rc1 Qg5 18. Kf2 Rad8 19. Qb3 Rd7 20. Rh1 Bb8
21. h4 Qf6 22. Kg1 Rfd8 23. Rf1 Qh6 24. g4 Qg6 25. g5 Bc2 26. Qc3 Qd3 27. Qxd3
Bxd3 28. c5 e5 29. Rd1 Bxe2 30. Bxe2 exd4 31. e4 d3 32. Bf3 Rd4 33. b3 Bf4 34.
Kg2 g6 35. Rhf1 Kg7 36. Rf2 Be3 37. Rb2 d2 38. Kf1 Rd3 39. Ke2 Bf4 40. Rc2 R8d4
41. Rb2 Rc3 42. Rdxd2 Bxd2 43. Rxd2 Rxd2+ 44. Kxd2 Rxc5 45. Ke3 Ra5 46. a4 b5
47. Bd1 bxa4 48. bxa4 Kf8 49. Kd4 Ke7 50. Kc4 Kd6 51. Kd4 Rc5 52. Bb3 Rc1 53.
Bxf7 Rh1 54. Ke3 Rxh4 55. Kf3 Ke5 56. Be8 c5 57. Bb5 Rxe4 58. Bd3 Rd4 59. Bb5
Rb4 60. Be8 c4 61. Bf7 c3 62. Bg8 Rb7 63. Bxh7 Rxh7 64. Ke3 Rc7 65. Kd3 c2 {
MarkoG29 gibt auf}  0-1

[Event "1. OEsterreichische Internet Schach Meisterschaft - Vorrunde 1"]
[Site "Online - Playchess.com"]
[Date ""]
[Round "4"]
[Board "58"]
[White "Schneider-Zinner, Werner"]
[Black "Holzleithner, Johannes"]
[Result "0-1"]
[WhiteElo "1967"]
[BlackElo "1979"]
[PlyCount "92"]
[EventDate "2020.04.11"]
[EventRounds "9"]
[EventCountry "AUT"]

1. d4 Nf6 2. Nf3 d5 3. Bf4 e6 4. e3 c5 5. c3 Bd6 6. Bg3 Qc7 7. Nbd2 Nbd7 8. Bd3
O-O 9. O-O Bxg3 10. hxg3 e5 11. dxe5 Nxe5 12. Be2 Bd7 13. Nb3 b6 14. Rc1 Rfd8
15. c4 dxc4 16. Bxc4 Nxc4 17. Rxc4 Bb5 18. Qc2 Bxc4 19. Qxc4 Rd7 20. Qh4 h6 21.
Nbd2 Rad8 22. Nb1 Rd1 23. Nc3 Rxf1+ 24. Kxf1 Qd6 25. Kg1 a6 26. Ne4 Nxe4 27.
Qxe4 Qd1+ 28. Kh2 Qd5 29. Qe7 Rd7 30. Qe8+ Kh7 31. Ne5 Rd8 32. Qe7 Qd6 33. Qxd6
Rxd6 34. Nxf7 Rd2 35. f4 Rxb2 36. e4 c4 37. Ne5 c3 38. Nd3 Rxa2 39. e5 Re2 40.
f5 c2 41. e6 b5 42. g4 b4 43. Kg3 b3 44. Kf3 Rxe6 45. fxe6 Kg8 46. Ne5 Kf8  0-1

[Event "1. OEsterreichische Internet Schach Meisterschaft - Vorrunde 1"]
[Site "Online - Playchess.com"]
[Date ""]
[Round "4"]
[Board "59"]
[White "Huber, Guenther"]
[Black "Keim, Philipp"]
[Result "0-1"]
[WhiteElo "1979"]
[BlackElo "1919"]
[PlyCount "80"]
[EventDate "2020.04.11"]
[EventRounds "9"]
[EventCountry "AUT"]

1. c4 c6 2. g3 d5 3. Bg2 Nf6 4. cxd5 cxd5 5. Nf3 Nc6 6. O-O Bf5 7. d4 e6 8. Nc3
Bd6 9. Bg5 h6 10. Bf4 Rc8 11. Bxd6 Qxd6 12. Rc1 O-O 13. e3 a6 14. Qd2 b5 15. a3
Rc7 16. b4 Rfc8 17. Ne2 Ne4 18. Qb2 Bh7 19. Nf4 Rd8 20. Nd2 Nxd2 21. Qxd2 Rdc8
22. Ne2 Nb8 23. Rc5 Nd7 24. Rfc1 Nb6 25. Rxc7 Rxc7 26. Rxc7 Qxc7 27. Nf4 Qc4
28. Bf1 Qb3 29. Qc1 Nc4 30. h4 Qxa3 31. Qe1 Qb2 32. Bd3 Nd2 33. Bxh7+ Kxh7 34.
Kg2 Qxb4 35. Nd3 Qc3 36. Ne5 b4 37. Qe2 b3 38. Nxf7 b2 39. Ne5 b1=Q 40. Qg4
Qe4+ {Austria gibt auf}  0-1

[Event "1. OEsterreichische Internet Schach Meisterschaft - Vorrunde 1"]
[Site "Online - Playchess.com"]
[Date ""]
[Round "4"]
[Board "60"]
[White "Streiter, Gerhard"]
[Black "Maister, Dieter"]
[Result "1-0"]
[WhiteElo "1964"]
[BlackElo "1851"]
[PlyCount "101"]
[EventDate "2020.04.11"]
[EventRounds "9"]
[EventCountry "AUT"]

1. e4 c6 2. Nc3 d5 3. Nf3 Bg4 4. h3 Bxf3 5. Qxf3 dxe4 6. Nxe4 Nd7 7. d4 Ngf6 8.
Bd3 h6 9. O-O e6 10. c3 Be7 11. Re1 O-O 12. Bf4 Nxe4 13. Qxe4 Nf6 14. Qe2 Re8
15. Be5 c5 16. Rad1 cxd4 17. Bxd4 Qc7 18. Be5 Qa5 19. a3 Rad8 20. Bb5 Rxd1 21.
Rxd1 Rd8 22. Rd4 a6 23. Bd3 Nd7 24. Bd6 Bf6 25. Bb4 Qc7 26. Bd6 Qb6 27. Qe4 g6
28. Bf4 Bxd4 29. cxd4 Kg7 30. Be3 Qxb2 31. h4 h5 32. Qf4 Rh8 33. Qc7 Qxa3 34.
Bxg6 Kxg6 35. Qxd7 Rf8 36. Qxb7 a5 37. Qe4+ Kg7 38. Qe5+ Kh7 39. Qxh5+ Kg7 40.
Qh6+ Kg8 41. Qg5+ Kh7 42. Qh6+ Kg8 43. Qg5+ Kh7 44. Qh5+ Kg8 45. Bh6 Qa1+ 46.
Kh2 Qxd4 47. Qg5+ Kh7 48. Bxf8 Qd6+ 49. Bxd6 Kh8 50. Be5+ Kh7 51. Qg7#  1-0

[Event "1. OEsterreichische Internet Schach Meisterschaft - Vorrunde 1"]
[Site "Online - Playchess.com"]
[Date ""]
[Round "4"]
[Board "61"]
[White "Huliak, Peter"]
[Black "Guba, Viktor"]
[Result "0-1"]
[WhiteElo "1958"]
[BlackElo "1401"]
[PlyCount "84"]
[EventDate "2020.04.11"]
[EventRounds "9"]
[EventCountry "AUT"]

1. e4 c5 2. Nc3 Nc6 3. Bc4 e6 4. d3 Nge7 5. Nf3 g6 6. Bg5 Bg7 7. Qd2 O-O 8. Bh6
d5 9. Bb3 dxe4 10. Nxe4 f5 11. Nc3 Nd4 12. Nxd4 cxd4 13. Ne2 Nc6 14. O-O Bxh6
15. Qxh6 Qf6 16. Rfe1 g5 17. Qxf6 Rxf6 18. Ng3 Bd7 19. Re2 Re8 20. Rae1 Kg7 21.
Nf1 e5 22. Nd2 g4 23. Nc4 Rfe6 24. g3 b5 25. Nd2 R6e7 26. Kg2 a5 27. c4 Nb4 28.
cxb5 Nxd3 29. Rd1 Nxb2 30. Rb1 Nd3 31. Bd5 Nb4 32. Bc6 Nxc6 33. bxc6 Bxc6+ 34.
Kg1 e4 35. Nc4 d3 36. Reb2 Bd5 37. Ne3 Be6 38. Rb5 Rd7 39. Rxa5 Rc8 40. Kf1 d2
41. Ke2 Rc1 42. Rb6 Re1#  0-1

[Event "1. OEsterreichische Internet Schach Meisterschaft - Vorrunde 1"]
[Site "Online - Playchess.com"]
[Date ""]
[Round "4"]
[Board "62"]
[White "Kucharski, Michael"]
[Black "Kessler, Manuel"]
[Result "1-0"]
[WhiteElo "1927"]
[BlackElo "1731"]
[PlyCount "144"]
[EventDate "2020.04.11"]
[EventRounds "9"]
[EventCountry "AUT"]

1. d4 Nf6 2. c4 g6 3. g3 Bg7 4. Bg2 d5 5. cxd5 Nxd5 6. Nf3 O-O 7. O-O c6 8. Qb3
Nd7 9. a4 Re8 10. Nc3 Nxc3 11. bxc3 e5 12. e3 e4 13. Nd2 Nf6 14. Bb2 Qc7 15.
Rac1 Be6 16. Qc2 Rad8 17. Nxe4 Nxe4 18. Bxe4 Bc4 19. Bd3 Bxd3 20. Qxd3 Qa5 21.
Qc4 Qb6 22. Qb4 Qc7 23. a5 Rb8 24. c4 b6 25. axb6 Rxb6 26. Qa3 Qb7 27. Bc3 Rb3
28. Qa1 Rb8 29. Rfd1 a6 30. c5 Qb5 31. Ba5 Rb2 32. Bb6 Qe2 33. Rf1 Bh6 34. Rce1
Qd2 35. Qc1 Qb4 36. Qa1 Ra8 37. Rb1 Rxb1 38. Qxb1 Qd2 39. Qe4 a5 40. Qxc6 Rf8
41. Qa4 Bxe3 42. fxe3 Qxe3+ 43. Kg2 Qe4+ 44. Kg1 Qe3+ 45. Rf2 Qe1+ 46. Kg2 Qe4+
47. Kf1 Qd3+ 48. Kg2 Qe4+ 49. Kf1 Qd3+ 50. Ke1 Qe3+ 51. Re2 Qg1+ 52. Kd2 Qf1
53. Bxa5 Ra8 54. Re8+ Rxe8 55. Qxe8+ Kg7 56. Qe2 Qa1 57. Bc3 Qa2+ 58. Kd3 Qa6+
59. Ke3 Qe6+ 60. Kf2 Qf5+ 61. Kg2 Qd5+ 62. Qf3 Qa2+ 63. Qf2 Qd5+ 64. Kg1 Qc4
65. Be1 Qd5 66. Qe3 Qa2 67. c6 Kg8 68. c7 Qc4 69. Qe8+ Kg7 70. c8=Q Qxd4+ 71.
Bf2 Qd1+ 72. Qe1 Qd5  1-0

[Event "1. OEsterreichische Internet Schach Meisterschaft - Vorrunde 1"]
[Site "Online - Playchess.com"]
[Date ""]
[Round "4"]
[Board "63"]
[White "Kienboeck, Samuel"]
[Black "Flir, Emilio"]
[Result "0-1"]
[WhiteElo "1056"]
[BlackElo "1843"]
[PlyCount "66"]
[EventDate "2020.04.11"]
[EventRounds "9"]
[EventCountry "AUT"]

1. e4 c5 2. Nf3 d6 3. Nc3 Nf6 4. d3 Nc6 5. g3 Bg4 6. Bg2 e6 7. O-O Be7 8. Bg5
O-O 9. Qd2 a6 10. Rfe1 b5 11. e5 Ne8 12. exd6 Nxd6 13. Ne5 Nxe5 14. Rxe5 Bxg5
15. Rxg5 Bf5 16. Bxa8 Qxa8 17. a3 Bh3 18. f4 Nf5 19. g4 Nd4 20. Ne4 Nf3+ 21.
Kf2 Nxd2 22. Nxd2 Qg2+ 23. Ke3 Bxg4 24. Re1 h6 25. Rxc5 Qxh2 26. Nf3 Bxf3 27.
Kxf3 Qh3+ 28. Ke4 Qg2+ 29. Ke5 Rd8 30. c4 bxc4 31. dxc4 Qxb2+ 32. Ke4 Qd4+ 33.
Kf3 Qxc5  0-1

[Event "1. OEsterreichische Internet Schach Meisterschaft - Vorrunde 1"]
[Site "Online - Playchess.com"]
[Date ""]
[Round "4"]
[Board "64"]
[White "Chen, Qingxia"]
[Black "Moerwald, Miriam"]
[Result "1/2-1/2"]
[WhiteElo "1776"]
[BlackElo "1760"]
[PlyCount "165"]
[EventDate "2020.04.11"]
[EventRounds "9"]
[EventCountry "AUT"]

1. e4 e6 2. Nf3 d5 3. exd5 exd5 4. d4 Bd6 5. Bd3 Bg4 6. O-O Ne7 7. Re1 Nd7 8.
Nbd2 Nf6 9. h3 Bh5 10. c4 c6 11. c5 Bc7 12. Qb3 Rb8 13. Ne5 O-O 14. g4 Bg6 15.
Ndf3 Bxd3 16. Qxd3 Ne4 17. Kg2 f6 18. Nc4 Re8 19. Ne3 Ng6 20. Nf5 Bf4 21. Kf1
Bxc1 22. Raxc1 Nf4 23. Qb3 Nxh3 24. Nd6 Nxd6 25. Rxe8+ Nxe8 26. Re1 Nc7 27. Qe3
Qe8 28. Qd2 Qf7 29. Kg2 Ng5 30. Nh4 Ne4 31. Qf4 Re8 32. Nf5 Qd7 33. Nh4 g5 34.
Qf5 Qxf5 35. Nxf5 Kf7 36. f3 Nd2 37. Nd6+ Kg6 38. Nxe8 Nxe8 39. Rxe8 Nc4 40.
Re2 b6 41. b3 Na5 42. cxb6 axb6 43. b4 Nc4 44. Kg3 Nd6 45. a4 Nc4 46. b5 cxb5
47. axb5 Nd6 48. Rb2 Nc4 49. Rc2 Nd6 50. Rc6 Nc4 51. Rc7 Nd6 52. Rd7 Nxb5 53.
Rxd5 Nc3 54. Rd6 Na4 55. Rc6 Kf7 56. d5 Ke7 57. d6+ Kd7 58. Rc7+ Kxd6 59. Rxh7
b5 60. Rh6 Ke5 61. Rh7 b4 62. Rb7 Nc5 63. Rxb4 Nd3 64. Rb5+ Ke6 65. Rf5 Nf4 66.
Rxf4 gxf4+ 67. Kxf4 Kf7 68. Kf5 Kg7 69. f4 Kf7 70. g5 fxg5 71. Kxg5 Kg7 72. Kf5
Kf7 73. Ke5 Ke7 74. Kf5 Kf7 75. Kg5 Kg7 76. f5 Kf7 77. f6 Kf8 78. Kg6 Kg8 79.
Kf5 Kf7 80. Ke5 Kf8 81. Ke6 Ke8 82. f7+ Kf8 83. Kf6  1/2-1/2

[Event "1. OEsterreichische Internet Schach Meisterschaft - Vorrunde 1"]
[Site "Online - Playchess.com"]
[Date ""]
[Round "4"]
[Board "65"]
[White "Haemmerle, Dietmar"]
[Black "Ussar, Reinhard"]
[Result "1-0"]
[WhiteElo "1762"]
[BlackElo "1676"]
[PlyCount "27"]
[EventDate "2020.04.11"]
[EventRounds "9"]
[EventCountry "AUT"]

1. Nf3 Nf6 2. c4 c5 3. Nc3 Nc6 4. e3 d5 5. cxd5 Nxd5 6. Be2 e5 7. e4 Nf4 8. O-O
Qd7 9. Bb5 Nxg2 10. Bxc6 bxc6 11. Nxe5 Qh3 12. Qf3 Bd6 13. Qxf7+ Kd8 14. Nxc6#
 1-0

[Event "1. OEsterreichische Internet Schach Meisterschaft - Vorrunde 1"]
[Site "Online - Playchess.com"]
[Date ""]
[Round "4"]
[Board "66"]
[White "Kratochwill, Christian"]
[Black "Pasteiner, Gernot"]
[Result "0-1"]
[WhiteElo "1717"]
[BlackElo "1632"]
[PlyCount "222"]
[EventDate "2020.04.11"]
[EventRounds "9"]
[EventCountry "AUT"]

1. e4 d5 2. exd5 Qxd5 3. Nc3 Qa5 4. Nf3 Nf6 5. d4 Bg4 6. Be2 e6 7. O-O c6 8. a3
Bd6 9. Bg5 Bxf3 10. Bxf3 Qxg5 11. Re1 Nbd7 12. h3 O-O 13. Qd3 Nd5 14. Ne4 Nf4
15. Qe3 Nxh3+ 16. Kf1 Qb5+ 17. Be2 Bf4 18. Qxh3 Qf5 19. Qxf5 exf5 20. Ng5 Bxg5
21. Bc4 Nb6 22. Bb3 Rfe8 23. Red1 Rad8 24. c3 Nd5 25. c4 Nf6 26. g3 g6 27. d5
cxd5 28. cxd5 Re5 29. d6 Nd7 30. Re1 Rxe1+ 31. Rxe1 Rc8 32. Ba4 Nb6 33. d7 Rc4
34. d8=Q+ Bxd8 35. Re8+ Kg7 36. Bb3 Rc8 37. Kg2 Bf6 38. Re2 Rd8 39. Kh3 h6 40.
f3 Nd5 41. Rd2 Ne3 42. Rxd8 Bxd8 43. g4 Nf1 44. Kg2 Nd2 45. Bd5 Nb1 46. gxf5
gxf5 47. f4 Bf6 48. b4 Bb2 49. Bxb7 Bxa3 50. b5 Nc3 51. Bc6 Bc5 52. Kf3 Nd1 53.
Ke2 Nc3+ 54. Kd3 Na4 55. Kc4 Bb6 56. Kb4 Nb2 57. Kc3 Nd1+ 58. Kd3 Nf2+ 59. Ke2
Ng4 60. Kf3 Kf6 61. Bd5 h5 62. Bc4 h4 63. Bf1 Bc5 64. Ke2 Bb6 65. Kd3 Nh2 66.
Bg2 Ng4 67. Ke2 Nh6 68. Kd3 Ke6 69. Kc4 Kd6 70. Kb4 Ng4 71. Kb3 Ne3 72. Bf3 Kc5
73. Kc3 Kxb5 74. Be2+ Kc5 75. Bf3 a5 76. Kb3 h3 77. Ka4 h2 78. Ka3 Ng4 79. Bh1
Nf2 80. Bg2 h1=Q 81. Bxh1 Nxh1 82. Kb3 Kd4 83. Ka4 Ke4 84. Kb5 Bf2 85. Kxa5
Kxf4 86. Kb4 Ke4 87. Kc3 Bb6 88. Kd2 f4 89. Ke1 Ke3 90. Kf1 Kf3 91. Ke1 Kg2 92.
Ke2 f3+ 93. Kd3 f2 94. Ke4 f1=Q 95. Ke5 Qe2+ 96. Kf6 Qf3+ 97. Kg7 Qg4+ 98. Kf8
Qc8+ 99. Kxf7 Nf2 100. Kf6 Nh3 101. Ke5 Kf3 102. Kd5 Qd7+ 103. Kc4 Qe6+ 104.
Kb5 Qd6 105. Kc4 Qc5+ 106. Kb3 Nf4 107. Kb2 Qc4 108. Kb1 Qc3 109. Ka2 Ke2 110.
Kb1 Nd3 111. Ka2 Qb2#  0-1

[Event "1. OEsterreichische Internet Schach Meisterschaft - Vorrunde 1"]
[Site "Online - Playchess.com"]
[Date ""]
[Round "4"]
[Board "67"]
[White "Ploeckinger, Paul"]
[Black "Mittelbach, Eduard"]
[Result "1-0"]
[WhiteElo "1334"]
[BlackElo "1667"]
[PlyCount "73"]
[EventDate "2020.04.11"]
[EventRounds "9"]
[EventCountry "AUT"]

1. c4 d5 2. cxd5 Nf6 3. g3 Qxd5 4. Nf3 e5 5. Bg2 e4 6. Nh4 g5 7. Nc3 Qe5 8. d4
exd3 9. Nf3 dxe2 10. Qa4+ Bd7 11. Nxe5 Bxa4 12. Bxb7 Bb4 13. Bd2 Bxc3 14. Bxc3
Bd1 15. Bxa8 O-O 16. Rxd1 exd1=Q+ 17. Kxd1 Na6 18. Bb7 Nc5 19. Nf3 Rd8+ 20. Kc2
Nce4 21. Bxf6 Nxf6 22. Rd1 Rb8 23. Ba6 Ne4 24. Rd3 Nc5 25. Ra3 Nxa6 26. Rxa6 h6
27. Rxa7 g4 28. Ne5 Rb5 29. Nd7 Kg7 30. Rxc7 Rf5 31. a4 Rxf2+ 32. Kb3 Rf5 33.
Rc5 Rxc5 34. Nxc5 Kf8 35. a5 Ke8 36. a6 Kd8 37. a7 {Kater_ed gibt auf}  1-0